00805 2200253 4500001002100000005001700021008004100038020001800079035002400097040001200121082001000133090001700143100002500160245012700185250001800312260002900330300003000359500007600389650002400465700001800489700001800507850001200525990001400537YOGYA-0209000003413520090227024847.0 ind  a979-8114-34-5 0010-020900000034135 aYOPDYOG a959.8 a959.8bNot T aNotosusanto, Nugroho aTragedi nasional percobaan KUP G.30 S/PKI di Indonesiacoleh, Nugroho Notosusanto, Ismail Saleh ; penyunting, Marzuan Umar aEd. 4, cet. 1 aJakartabIntermasac1993 axiv, 240 hlmbilusc23 cm aJudul asli : The Coup attempt of the September 30 movement in Indonesia aIndonesia - Sejarah aUmar, Marzuan aSaleh, Ismail aYOPDYOG a6463-Pb1